[Event "Deltalift op"]
[Site "Tylosand"]
[Date "2017.05.25"]
[Round "1"]
[White "Wallenas, Daniel"]
[Black "Ziegler, Ari"]
[Result "0-1"]
[WhiteElo "1855"]
[BlackElo "2317"]
[PlyCount "72"]
[EventDate "2017.05.25"]
[EventType "swiss"]
[EventRounds "8"]
[EventCountry "SWE"]
[SourceTitle "CBM 178 Extra"]
[Source "ChessBase"]
[SourceDate "2017.06.22"]
[SourceVersion "1"]
[SourceVersionDate "2017.06.22"]
[SourceQuality "1"]

1. c4 g6 2. Nc3 Bg7 3. d4 Nf6 4. e4 0-0 5. Bd3 d6 6. Nge2 e5 7. d5 Ne8 8. Be3 f5 9. f3 Nf6 10. Qc2 c5 11. exf5 gxf5 12. Bxf5 Bxf5 13. Qxf5 Rf7 14. Qc2 a6 15. Ng3 b5 16. b3 e4 17. 0-0 exf3 18. Rxf3 Nbd7 19. Raf1 Ne5 20. Rf5 bxc4 21. Bg5 cxb3 22. axb3 c4 23. bxc4 Qb6+ 24. Kh1 Nfg4 25. Na4 Qa5 26. h3 Nh6 27. Rxf7 Nhxf7 28. Bf6 Bxf6 29. Rxf6 Qe1+ 30. Nf1 Qh4 31. Qf2 Qxf2 32. Rxf2 Nxc4 33. Nd2 Ne3 34. Nb6 Rb8 35. Nbc4 Nxc4 36. Nxc4 Rb4 0-1

[Event "Deltalift op"]
[Site "Tylosand"]
[Date "2016.05.05"]
[Round "1"]
[White "Lindhe, Magnus"]
[Black "Wallenas, Daniel"]
[Result "1/2-1/2"]
[WhiteElo "2215"]
[BlackElo "1860"]
[PlyCount "133"]
[EventDate "2016.05.05"]
[EventType "swiss"]
[EventRounds "8"]
[EventCountry "SWE"]
[SourceTitle "CBM 172 Extra"]
[Source "ChessBase"]
[SourceDate "2016.06.21"]
[SourceVersion "1"]
[SourceVersionDate "2016.06.21"]
[SourceQuality "1"]

1. d4 d5 2. Bf4 Nf6 3. e3 b6 4. c3 Bb7 5. Nd2 e6 6. Bd3 Bd6 7. Ngf3 Ne4 8. Qc2 Nxd2 9. Nxd2 Bxf4 10. exf4 c5 11. Nf3 Nd7 12. 0-0 c4 13. Be2 Qf6 14. Qd2 Nf8 15. g3 Ng6 16. Rfe1 h5 17. h4 Ne7 18. Bf1 Nf5 19. Bh3 g6 20. Ng5 0-0-0 21. a4 Kb8 22. a5 b5 23. a6 Bc6 24. Kh2 Ka8 25. Re5 Rb8 26. Bg2 Rb6 27. Qe2 Bd7 28. Qf3 Rc8 29. Qd1 Rc7 30. Ra5 Rcc6 31. Qa1 Rd6 32. Qa3 Nh6 33. Qc5 Ng4+ 34. Kg1 Rdc6 35. Qf8+ Rc8 36. Qxf7 Qxf7 37. Nxf7 Nxe5 38. Nxe5 Be8 39. Bh3 Rd8 40. Ra1 Rdd6 41. Re1 b4 42. Nf3 Rxa6 43. Ng5 Bd7 44. Nf7 Rdb6 45. Bg2 Kb8 46. Nh8 Ra2 47. Nxg6 Rxb2 48. cxb4 R2xb4 49. Nf8 Kc7 50. Kh2 Rb1 51. Re5 c3 52. f5 exf5 53. Rxd5 Bc6 54. Rc5 R1b3 55. d5 Kd6 56. dxc6 Kxc5 57. c7 Rb8 58. Nd7+ Kd6 59. cxb8Q+ Rxb8 60. Nxb8 c2 61. Nc6 c1Q 62. Nxa7 Qe1 63. f4 Qe2 64. Nc6 Kc5 65. Ne5 Kb4 66. Nf3 Ka3 67. Ne5 1/2-1/2

[Event "SWE AM2001"]
[Site "Sweden"]
[Date "2001.??.??"]
[Round "1"]
[White "Wallenas, Daniel"]
[Black "Wengholm, Anders"]
[Result "0-1"]
[WhiteElo "1575"]
[BlackElo "2274"]
[PlyCount "38"]
[EventDate "2001.??.??"]
[EventType "tourn"]
[EventRounds "15"]
[EventCountry "SWE"]
[SourceTitle "EXT 2003"]
[Source "ChessBase"]
[SourceDate "2002.11.25"]
[SourceVersion "1"]
[SourceVersionDate "2002.11.25"]
[SourceQuality "1"]

1. c4 Nf6 2. Nc3 d5 3. d4 g6 4. f3 Bg7 5. cxd5 Nxd5 6. e4 Nxc3 7. bxc3 c5 8. Qa4+ Bd7 9. Qc4 cxd4 10. cxd4 Nc6 11. Bb2 Rc8 12. Qd3 Nb4 13. Qd2 Nc2+ 14. Kf2 Nxa1 15. Bxa1 0-0 16. Bd3 Qb6 17. Ne2 a6 18. Rb1 Qa7 19. e5 Bxe5 0-1